[Event "13th Asia-ch"]
[Site "Al-Ain UAE"]
[Date "2015.08.10"]
[Round "9"]
[White "Saiyn, Zhanat"]
[Black "Dzhumaev, Marat"]
[Result "0-1"]
[WhiteElo "2404"]
[BlackElo "2493"]
[EventDate "2015.08.02"]
[PlyCount "42"]

1.d4 d6 2.Nf3 g6 3.g3 Bg7 4.Bg2 Nf6 5.O-O O-O 6.c4 c6 7.Nc3 Qb6 8.b3 e5 9.
Ba3 Rd8 10.Bxd6 exd4 11.Na4 Qa5 12.b4 Qh5 13.Bc7 Re8 14.Nxd4 Na6 15.Bf4 
Bh3 16.b5 Rad8 17.Bf3 Ng4 18.e3 g5 19.bxa6 gxf4 20.c5 fxg3 21.hxg3 Bg2 0-1

[Event "13th Asia-ch"]
[Site "Al-Ain UAE"]
[Date "2015.08.10"]
[Round "9"]
[White "Chu Wei Chao"]
[Black "Narayanan, Sunilduth Lyna"]
[Result "1/2-1/2"]
[WhiteElo "2318"]
[BlackElo "2481"]
[EventDate "2015.08.02"]
[PlyCount "130"]

1.d4 Nf6 2.c4 e6 3.Nf3 d5 4.g3 Bb4+ 5.Bd2 Bd6 6.Bg2 c6 7.Qc2 Nbd7 8.O-O 
O-O 9.Rd1 Ne4 10.Bf4 Bxf4 11.gxf4 f5 12.e3 Qe7 13.Nbd2 Kh8 14.Ne5 Nxe5 15.
dxe5 Nxd2 16.Qxd2 Bd7 17.Kh1 Be8 18.Bf3 g5 19.fxg5 Qxg5 20.cxd5 cxd5 21.
Rg1 Qh6 22.Rg2 Bg6 23.Qb4 f4 24.e4 dxe4 25.Bxe4 a5 26.Qc4 f3 27.Rg4 Rf4 
28.Qxe6 Re8 29.Qd7 Rxg4 30.Qxg4 Qh5 31.Qxf3 Qxf3+ 32.Bxf3 Rxe5 33.Rd1 b6 
34.Kg2 Kg7 35.Rd7+ Kf8 36.Rd5 Re6 37.Kg3 Rf6 38.Rd7 Re6 39.a3 Re5 40.Rd5 
Re6 41.Rd7 Re5 42.h4 Rb5 43.Rd2 Ke7 44.Bd5 Rc5 45.Kg4 Kf6 46.Kf4 b5 47.f3 
Rc1 48.Be4 Bxe4 49.fxe4 Rb1 50.Ke3 b4 51.axb4 axb4 52.Kd4 Rh1 53.Rc2 Rxh4 
54.Rc4 Rh1 55.Rxb4 h5 56.Rb8 h4 57.e5+ Ke6 58.Re8+ Kd7 59.Rh8 h3 60.Kd5 
Rd1+ 61.Ke4 Rb1 62.Rh7+ Ke6 63.Rh6+ Ke7 64.Kf5 Rf1+ 65.Kg4 Rb1 1/2-1/2

[Event "13th Asia-ch"]
[Site "Al-Ain UAE"]
[Date "2015.08.10"]
[Round "9"]
[White "Al-Rakib, Abdullah"]
[Black "Isaev, Jamshed"]
[Result "1-0"]
[WhiteElo "2473"]
[BlackElo "2300"]
[EventDate "2015.08.02"]
[PlyCount "81"]

1.d4 Nf6 2.c4 g6 3.Nf3 Bg7 4.e3 O-O 5.Be2 d6 6.Nc3 Nbd7 7.O-O e5 8.Qc2 Re8
9.Rd1 e4 10.Nd2 Qe7 11.b4 Nf8 12.Bb2 Bf5 13.Rac1 h5 14.d5 N8d7 15.Nb5 Ne5 
16.Bxe5 dxe5 17.Nc3 b6 18.a3 a5 19.c5 axb4 20.axb4 bxc5 21.b5 Red8 22.Nc4 
h4 23.b6 cxb6 24.d6 Qb7 25.Rb1 Nd7 26.Nd5 b5 27.Ne7+ Kh8 28.Nd2 b4 29.Nb3 
Be6 30.Bc4 Ra2 31.Qc1 Bg4 32.Bxf7 Bxd1 33.Qxd1 Nf6 34.Nxc5 Qb6 35.Nxe4 Ra7
36.Nxg6+ Kh7 37.Nf8+ Bxf8 38.Nxf6+ Kg7 39.Qh5 Bxd6 40.Qg6+ Kf8 41.Nh7+ 1-0

[Event "13th Asia-ch"]
[Site "Al-Ain UAE"]
[Date "2015.08.10"]
[Round "9"]
[White "Byambaa, Zulzaga"]
[Black "Lou Yiping"]
[Result "1/2-1/2"]
[WhiteElo "2258"]
[BlackElo "2454"]
[EventDate "2015.08.02"]
[PlyCount "86"]

1.e4 e6 2.Qe2 Be7 3.Nf3 d5 4.d3 Nf6 5.g3 b5 6.Bg2 b4 7.e5 Nfd7 8.h4 a5 9.
Bf4 c5 10.Nbd2 Nc6 11.c4 bxc3 12.bxc3 h6 13.h5 c4 14.dxc4 Ba6 15.Nd4 Nxd4 
16.cxd4 Qb6 17.Be3 Qb2 18.Qd1 Bb4 19.O-O Bxd2 20.Qxd2 Qxd2 21.Bxd2 Bxc4 
22.Rfb1 Ke7 23.Bf3 Rhc8 24.Bd1 Ra7 25.Bc1 f6 26.f4 Bd3 27.Ba3+ Kf7 28.Rc1 
Rac7 29.Rxc7 Rxc7 30.Rc1 Rc4 31.Kf2 Nb6 32.Ke3 Rxc1 33.Bxc1 Bb1 34.a3 f5 
35.Kd2 Nc4+ 36.Kc3 Ba2 37.Be2 Nb6 38.Bd1 Bc4 39.Bd2 Bb5 40.Bc1 Na4+ 41.Kb3
Nb6 42.Kc3 Bf1 43.Kb3 Bc4+ 1/2-1/2

[Event "13th Asia-ch"]
[Site "Al-Ain UAE"]
[Date "2015.08.10"]
[Round "9"]
[White "Mamyrbay, Assad"]
[Black "Wang Yiye"]
[Result "0-1"]
[WhiteElo "2217"]
[BlackElo "2439"]
[EventDate "2015.08.02"]
[PlyCount "88"]

1.e4 e6 2.d4 d5 3.e5 c5 4.c3 Nc6 5.Nf3 Qb6 6.a3 c4 7.Nbd2 Na5 8.Be2 Bd7 9.
O-O h6 10.Re1 Ne7 11.Rb1 Qc7 12.Qc2 Nc8 13.Nf1 Nb6 14.Bd1 O-O-O 15.Ng3 Be7
16.Nh5 g6 17.Nf6 Ba4 18.Qe2 Bxd1 19.Qxd1 Bxf6 20.exf6 Nd7 21.Qa4 b6 22.g3 
Nxf6 23.Bf4 Qd7 24.Qc2 Ne4 25.Ne5 Qb7 26.f3 Nf6 27.b4 cxb3 28.Qd3 g5 29.
Bd2 Kb8 30.Qb5 Rc8 31.c4 a6 32.Qa4 Nxc4 33.Bb4 a5 34.Bc5 Nd2 35.Rb2 bxc5 
36.dxc5 Rxc5 37.Rxd2 b2 38.Rb1 Rc1+ 39.Rd1 Rhc8 40.Nd3 Qb6+ 41.Kh1 R8c4 
42.Rxb2 Qxb2 43.Nxb2 Rxa4 44.Rxc1 Rxa3 0-1

[Event "13th Asia-ch"]
[Site "Al-Ain UAE"]
[Date "2015.08.10"]
[Round "9"]
[White "Hossain, Enamul"]
[Black "Tologontegin, Semetey"]
[Result "1/2-1/2"]
[WhiteElo "2436"]
[BlackElo "2390"]
[EventDate "2015.08.02"]
[PlyCount "82"]

1.e4 e6 2.d3 c5 3.Nf3 Nc6 4.g3 d5 5.Qe2 Nf6 6.Bg2 Be7 7.O-O dxe4 8.dxe4 e5
9.c3 Qc7 10.Bg5 Be6 11.Rd1 O-O 12.Nbd2 Rfd8 13.Bxf6 Bxf6 14.Nc4 Ne7 15.a4 
g6 16.Bf1 h6 17.h4 Bg7 18.Kh2 f6 19.Bh3 Bxh3 20.Kxh3 h5 21.Kg2 Bh6 22.b3 
Kg7 23.Ne1 Nc6 24.Rd5 Ne7 25.Rd3 Rxd3 26.Nxd3 Rd8 27.Rd1 b6 28.f3 Rd7 29.
a5 Nc6 30.axb6 axb6 31.Nf2 b5 32.Na3 b4 33.Nb5 Qd8 34.Rxd7+ Qxd7 35.Qd3 
Qxd3 36.Nxd3 Be3 37.cxb4 cxb4 38.Nc7 Kf7 39.Kf1 Na5 40.Ke2 Bd4 41.Nxb4 
Nxb3 1/2-1/2

[Event "13th Asia-ch"]
[Site "Al-Ain UAE"]
[Date "2015.08.10"]
[Round "9"]
[White "Gopal, Geetha Narayanan"]
[Black "Li Di"]
[Result "1-0"]
[WhiteElo "2562"]
[BlackElo "2384"]
[EventDate "2015.08.02"]
[PlyCount "75"]

1.e4 e6 2.d4 d5 3.Nc3 Bb4 4.e5 c5 5.a3 Bxc3+ 6.bxc3 Ne7 7.h4 Qa5 8.Bd2 
Nbc6 9.h5 h6 10.Qg4 Nf5 11.Bd3 O-O 12.Qh3 Qa4 13.g4 Nfxd4 14.cxd4 Qxd4 15.
c3 Qxe5+ 16.Ne2 Qf6 17.Qg2 Ne5 18.Rh3 Nxg4 19.Rf3 Qh4 20.Rh3 Qf6 21.Rf3 
Qh4 22.O-O-O f5 23.Rg3 Qf6 24.Nf4 c4 25.Bc2 d4 26.Ng6 d3 27.Bb1 Rd8 28.f3 
e5 29.fxg4 f4 30.Rh3 Qa6 31.Ba2 Be6 32.Be1 Qxa3+ 33.Qb2 Qa5 34.Rhxd3 Rxd3 
35.Rxd3 cxd3 36.Bxe6+ Kh7 37.Bf5 Qa4 38.Nxf4+ 1-0

[Event "13th Asia-ch"]
[Site "Al-Ain UAE"]
[Date "2015.08.10"]
[Round "9"]
[White "Venkatesh, Marani Rajendran"]
[Black "Xu Yi"]
[Result "1-0"]
[WhiteElo "2484"]
[BlackElo "2365"]
[EventDate "2015.08.02"]
[PlyCount "85"]

1.e4 e5 2.Nf3 Nf6 3.d4 Nxe4 4.Bd3 d5 5.Nxe5 Nd7 6.Nxd7 Bxd7 7.O-O Bd6 8.c4
c6 9.Qh5 O-O 10.cxd5 cxd5 11.Qxd5 Bc6 12.Qf5 g6 13.Qh3 Ng5 14.Qg4 Ne6 15.
Bh6 Re8 16.Nc3 Nxd4 17.Rad1 Bc5 18.b4 Bxb4 19.Bxg6 hxg6 20.Rxd4 Qf6 21.Bg5
Qe5 22.Rxb4 Qxc3 23.Be3 Bd5 24.Qh4 Qh8 25.Qg3 Qe5 26.Rf4 Bxa2 27.Bd4 Qe2 
28.h3 Rad8 29.Qh4 Rxd4 30.Rxd4 b5 31.Rd7 a5 32.Rfd1 Kg7 33.Rd8 Qe7 34.Qd4+
Kh7 35.Rxe8 Qxe8 36.Qh4+ Kg7 37.Rd8 Qe1+ 38.Kh2 Qe5+ 39.f4 Qh5 40.Qf2 Be6 
41.Qd4+ f6 42.Qa7+ Bf7 43.Rd7 1-0

[Event "13th Asia-ch"]
[Site "Al-Ain UAE"]
[Date "2015.08.10"]
[Round "9"]
[White "Sharavdorj, Dashzeveg"]
[Black "Xu Xiangyu"]
[Result "1/2-1/2"]
[WhiteElo "2423"]
[BlackElo "2257"]
[EventDate "2015.08.02"]
[PlyCount "94"]

1.d4 Nf6 2.c4 g6 3.Nc3 d5 4.cxd5 Nxd5 5.e4 Nxc3 6.bxc3 Bg7 7.Nf3 c5 8.Rb1 
O-O 9.Be2 Nc6 10.d5 Ne5 11.Nxe5 Bxe5 12.Qd2 e6 13.f4 Bg7 14.c4 exd5 15.
cxd5 Bd4 16.Bb2 Qb6 17.Bd3 c4 18.Bxc4 Re8 19.Qxd4 Qxd4 20.Bxd4 Rxe4+ 21.
Kd2 Rxd4+ 22.Kc3 Rxf4 23.Rhf1 Rxf1 24.Bxf1 b6 25.Kd4 Bb7 26.Bc4 Kf8 27.a4 
Rd8 28.a5 Rd6 29.a6 Bc8 30.Rc1 Ke7 31.Bd3 Be6 32.Be4 Kd7 33.Rf1 f5 34.Bf3 
Bg8 35.Rb1 Rf6 36.Rc1 Rd6 37.Ke5 b5 38.Rb1 Rb6 39.Rb4 Ke7 40.Be2 Rd6 41.
Bf3 Rb6 42.g4 Bf7 43.g5 Kd8 44.Rh4 Bg8 45.Rb4 Bf7 46.Rh4 Bg8 47.Rb4 Bf7 
1/2-1/2

[Event "13th Asia-ch"]
[Site "Al-Ain UAE"]
[Date "2015.08.10"]
[Round "9"]
[White "Asgarizadeh, Ahmad"]
[Black "Al-Hajiri, Bader"]
[Result "1-0"]
[WhiteElo "2407"]
[BlackElo "2238"]
[EventDate "2015.08.02"]
[PlyCount "73"]

1.e4 e5 2.Nf3 Nc6 3.Bc4 Nf6 4.d3 d5 5.exd5 Nxd5 6.O-O Nb6 7.Bb3 Be7 8.Re1 
Qd6 9.Nc3 O-O 10.Ne4 Qg6 11.Ng3 Bg4 12.h3 Bh5 13.Nxe5 Bxd1 14.Nxg6 hxg6 
15.Rxd1 Nd4 16.Be3 Nxb3 17.axb3 Nd5 18.Nf1 Rfd8 19.d4 Nxe3 20.Nxe3 a6 21.
c3 Bg5 22.Nc4 Re8 23.Re1 Kf8 24.Kf1 Rxe1+ 25.Rxe1 Re8 26.Ne5 Re6 27.Nd7+ 
Ke7 28.Nc5 Rxe1+ 29.Kxe1 Bc1 30.Nxb7 Bxb2 31.Kd2 Ba3 32.b4 Ke6 33.Nc5+ Kd5
34.Nxa6 Bb2 35.Kc2 Ba1 36.Nc5 Kc4 37.Ne4 1-0

[Event "13th Asia-ch"]
[Site "Al-Ain UAE"]
[Date "2015.08.10"]
[Round "9"]
[White "Nezad, Husein Aziz"]
[Black "Ahmed, Abdul Sattar Wahab"]
[Result "1-0"]
[WhiteElo "2404"]
[BlackElo "2297"]
[EventDate "2015.08.02"]
[PlyCount "109"]

1.c4 c6 2.Nf3 d5 3.e3 Nf6 4.Nc3 e6 5.d4 Nbd7 6.Qc2 Bd6 7.Bd3 Qe7 8.O-O O-O
9.c5 Bc7 10.e4 dxe4 11.Nxe4 h6 12.Re1 Rd8 13.Ng3 Nd5 14.Bd2 N7f6 15.Ne5 
Bd7 16.b4 a5 17.bxa5 Bxa5 18.Bxa5 Rxa5 19.Nf5 exf5 20.Nc4 Be6 21.Nxa5 Nb4 
22.Qb1 Rxd4 23.Bxf5 Qxc5 24.Bxe6 Qxa5 25.Bb3 Qc5 26.Qg6 Nbd5 27.Qg3 Nf4 
28.Qf3 Nd3 29.Red1 Qd6 30.g3 b5 31.Bc2 Ne5 32.Qf4 c5 33.Rxd4 cxd4 34.Re1 
Nfd7 35.Bf5 g5 36.Qe4 d3 37.Bxd7 Nxd7 38.f4 d2 39.Rd1 Nb6 40.Qe8+ Kh7 41.
Qxf7+ Kh8 42.Qe8+ Kh7 43.Qe4+ Kg8 44.Qe5 Qd8 45.f5 Kh7 46.f6 Kg6 47.Qe6 
Qd4+ 48.Kh1 Qf2 49.Qe8+ Kf5 50.Qxb5+ Kxf6 51.Qb2+ Kg6 52.Qxd2 Qf3+ 53.Kg1 
Qb7 54.Qd6+ Kh5 55.Rb1 1-0

[Event "13th Asia-ch"]
[Site "Al-Ain UAE"]
[Date "2015.08.10"]
[Round "9"]
[White "Pascua, Haridas"]
[Black "Baimurzin, Aitkazy"]
[Result "1-0"]
[WhiteElo "2447"]
[BlackElo "2096"]
[EventDate "2015.08.02"]
[PlyCount "99"]

1.d4 Nf6 2.c4 g6 3.Nc3 Bg7 4.e4 c5 5.d5 d6 6.f4 e6 7.Nf3 exd5 8.cxd5 O-O 
9.Be2 b5 10.Bxb5 Nxe4 11.Nxe4 Qa5+ 12.Kf2 Qxb5 13.Nxd6 Qb6 14.Nxc8 Rxc8 
15.Rb1 Rd8 16.Qa4 Na6 17.Qc4 Rab8 18.Rd1 Qd6 19.a3 Nc7 20.Be3 Nxd5 21.Bxc5
Qxf4 22.Qxf4 Nxf4 23.Rxd8+ Rxd8 24.Kf1 a6 25.b4 Ne6 26.Bf2 Rb8 27.a4 Kf8 
28.Ke2 Nf4+ 29.Kf1 Ne6 30.b5 axb5 31.a5 Ra8 32.Rxb5 Bc3 33.Bb6 Ke8 34.Ke2 
Kd7 35.Kd3 Kc6 36.Kc4 Bf6 37.g4 h6 38.Be3 Bc3 39.Rb6+ Kc7 40.Kxc3 Rxa5 41.
Rb3 Ra2 42.Bxh6 Rg2 43.Rb4 Rf2 44.Ng5 Nd8 45.Ne4 Rf3+ 46.Kd2 f5 47.gxf5 
Rxf5 48.Ke3 Ne6 49.Ng3 g5 50.Nxf5 1-0

[Event "13th Asia-ch"]
[Site "Al-Ain UAE"]
[Date "2015.08.10"]
[Round "9"]
[White "Miswadah, Baha"]
[Black "Batchuluun, Cegmed"]
[Result "0-1"]
[WhiteElo "1855"]
[BlackElo "2485"]
[EventDate "2015.08.02"]
[PlyCount "78"]

1.e4 c5 2.Nf3 d6 3.d4 cxd4 4.Nxd4 Nf6 5.Nc3 a6 6.Be2 e5 7.Nb3 Be7 8.O-O 
O-O 9.Bg5 Be6 10.Qd2 Nbd7 11.Rad1 b5 12.f3 b4 13.Nb1 a5 14.Be3 a4 15.Nc1 
d5 16.exd5 Nxd5 17.Bf2 Qc7 18.Nd3 h6 19.c3 Bg5 20.Qe1 bxc3 21.Nxc3 Nxc3 
22.Qxc3 Qxc3 23.bxc3 Rfc8 24.h4 Be7 25.Rc1 Bxa2 26.Ra1 Bb3 27.Rfc1 a3 28.
Nb4 a2 29.Be3 Bxh4 30.Bb5 Nc5 31.c4 Bg5 32.Bxg5 hxg5 33.Nd5 Ra7 34.Rc3 f6 
35.Kf2 Kf7 36.Ke3 Rca8 37.Nb4 Ra5 38.Rxa2 Rxa2 39.Nxa2 Rxa2 0-1

[Event "13th Asia-ch"]
[Site "Al-Ain UAE"]
[Date "2015.08.10"]
[Round "9"]
[White "Abdyjapar, Asyl"]
[Black "Bayarmandakh, Balgan"]
[Result "1/2-1/2"]
[WhiteElo "2392"]
[BlackElo "2225"]
[EventDate "2015.08.02"]
[PlyCount "27"]

1.d4 Nf6 2.c4 e6 3.Nc3 d5 4.cxd5 exd5 5.Bg5 Be7 6.e3 c6 7.Bd3 O-O 8.Qc2 h6
9.Bh4 Re8 10.Nge2 Nbd7 11.O-O Ne4 12.Nxe4 dxe4 13.Bxe7 Qxe7 14.Bc4 1/2-1/2

[Event "13th Asia-ch"]
[Site "Al-Ain UAE"]
[Date "2015.08.10"]
[Round "9"]
[White "Shrestha, Keshav"]
[Black "Iyti, Basher"]
[Result "0-1"]
[WhiteElo "2118"]
[BlackElo "2305"]
[EventDate "2015.08.02"]
[PlyCount "100"]

1.e4 g6 2.Nc3 c6 3.g3 d5 4.exd5 cxd5 5.d4 Nf6 6.Bg2 Bg4 7.Nge2 Bg7 8.h3 
Bxe2 9.Qxe2 e6 10.Qb5+ Qd7 11.Qxd7+ Kxd7 12.Be3 Rc8 13.O-O Ne8 14.Rfc1 Nc6
15.Ne2 Nd6 16.c3 b5 17.b3 Rab8 18.Rab1 Rb6 19.Rc2 Rb7 20.Rd1 Rbc7 21.Bf4 
Na5 22.Rcd2 Rc6 23.g4 Rb6 24.Rd3 Bf6 25.Bd2 Nc6 26.g5 Bd8 27.h4 Ne7 28.Rh3
Nef5 29.h5 Rbb8 30.hxg6 hxg6 31.Rh7 Ba5 32.b4 Bb6 33.Nf4 Rh8 34.Rxh8 Rxh8 
35.Nd3 Nc4 36.Bf4 Rh4 37.Kf1 Nb2 38.Nxb2 Rxf4 39.Ke2 Rg4 40.Bf3 Rxg5 41.
Rh1 Ke7 42.Nd3 Nd6 43.Ne5 Rf5 44.Rh7 Kf8 45.Rh8+ Kg7 46.Ra8 Rg5 47.Kf1 Rf5
48.Be2 Rf4 49.Nc6 g5 50.Ne5 Ne4 0-1

[Event "13th Asia-ch"]
[Site "Al-Ain UAE"]
[Date "2015.08.10"]
[Round "9"]
[White "Asgarizadeh, Mohammad Reza"]
[Black "Said, Ishaq"]
[Result "1-0"]
[WhiteElo "2276"]
[BlackElo "2252"]
[EventDate "2015.08.02"]
[PlyCount "111"]

1.d4 Nf6 2.c4 e6 3.Nc3 Bb4 4.a3 Bxc3+ 5.bxc3 b6 6.e3 O-O 7.Bd3 Bb7 8.f3 d6
9.Ne2 Nbd7 10.O-O e5 11.e4 Re8 12.Ng3 Nf8 13.c5 bxc5 14.Rb1 Qc8 15.dxc5 
Ne6 16.cxd6 cxd6 17.c4 Ba6 18.Nf5 Qc7 19.Kh1 Nd7 20.Be2 g6 21.Nxd6 Red8 
22.Nb5 Bxb5 23.cxb5 Nb6 24.Qe1 Rac8 25.Be3 Qc3 26.Qf2 Nd4 27.Rfd1 Qc2 28.
Bf1 Qa4 29.Bg5 Rd6 30.Be7 Re6 31.Bb4 Nxb5 32.Rdc1 Nd4 33.Rxc8+ Nxc8 34.Qh4
Re8 35.Rc1 Nb6 36.Qf6 Nd7 37.Qd6 Kg7 38.h3 Re6 39.Qd5 Nb6 40.Qd8 Re8 41.
Qd6 Qb3 42.Bc3 Re6 43.Qc7 Qxa3 44.Ra1 Qb3 45.Rxa7 Rf6 46.Qc5 Qd1 47.Ra1 
Nd7 48.Qa7 Qb3 49.Bxd4 exd4 50.Qxd7 Qb4 51.e5 Rf4 52.e6 Qb2 53.Rd1 Qf2 54.
e7 Rxf3 55.e8=Q Rxh3+ 56.Qxh3 1-0

[Event "13th Asia-ch"]
[Site "Al-Ain UAE"]
[Date "2015.08.10"]
[Round "9"]
[White "Salih Akar, Ali"]
[Black "Ayyad, Maher"]
[Result "1-0"]
[WhiteElo "2359"]
[BlackElo "2122"]
[EventDate "2015.08.02"]
[PlyCount "33"]

1.e4 c5 2.Nc3 e6 3.f4 Nc6 4.Nf3 d6 5.Bb5 Bd7 6.O-O Be7 7.d3 Nf6 8.e5 dxe5 
9.fxe5 Nd5 10.Ne4 O-O 11.Bxc6 Bxc6 12.a3 Nc7 13.Qe2 Qd7 14.Kh1 b6 15.Bg5 
Bxg5 16.Nfxg5 Ne8 17.Nxh7 1-0

[Event "13th Asia-ch"]
[Site "Al-Ain UAE"]
[Date "2015.08.10"]
[Round "9"]
[White "Ezizov, Jumamuhammet"]
[Black "Lodhi, Mahmood"]
[Result "0-1"]
[WhiteElo "1789"]
[BlackElo "2310"]
[EventDate "2015.08.02"]
[PlyCount "48"]

1.e4 e5 2.Nf3 Nc6 3.Bc4 Bc5 4.c3 d6 5.d4 exd4 6.cxd4 Bb6 7.Ng5 Nh6 8.Nf3 
Qf6 9.Bb5 O-O 10.Bxc6 bxc6 11.O-O Bg4 12.Be3 Qg6 13.Nc3 f5 14.Qb3+ Kh8 15.
Nh4 Qf6 16.Nxf5 Bxf5 17.Bxh6 Be6 18.d5 Bxf2+ 19.Kh1 Bh3 20.Rxf2 Qxf2 21.
Rg1 gxh6 22.Nd1 Bxg2+ 23.Rxg2 Qe1+ 24.Rg1 Qxe4+ 0-1

[Event "13th Asia-ch"]
[Site "Al-Ain UAE"]
[Date "2015.08.10"]
[Round "9"]
[White "Anuruddha, Galappaththi Chinthaka"]
[Black "Nassar, Marwan"]
[Result "1/2-1/2"]
[WhiteElo "2066"]
[BlackElo "2030"]
[EventDate "2015.08.02"]
[PlyCount "47"]

1.d4 d5 2.Nf3 Nf6 3.e3 e6 4.Bd3 c5 5.c3 Nc6 6.Nbd2 cxd4 7.exd4 Bd6 8.O-O 
O-O 9.Re1 Qc7 10.Qe2 Nd7 11.Nf1 Re8 12.Qc2 Nf8 13.Ne3 Bd7 14.Bd2 a6 15.
Rac1 b5 16.Qd1 Qb8 17.Bb1 f6 18.b3 Ne7 19.c4 Ba3 20.Rc3 Bb4 21.Rc1 Ba3 22.
Rc3 Bb4 23.Rc1 Ba3 24.Rc3 1/2-1/2

[Event "13th Asia-ch"]
[Site "Al-Ain UAE"]
[Date "2015.08.10"]
[Round "9"]
[White "Bukhari, Mohameed"]
[Black "Al-Attar, Rakan"]
[Result "0-1"]
[WhiteElo "1737"]
[BlackElo "2012"]
[EventDate "2015.08.02"]
[PlyCount "70"]

1.e4 d6 2.d4 g6 3.Nc3 Bg7 4.h3 Nf6 5.Nf3 O-O 6.Bd3 a6 7.O-O b5 8.Be3 Bb7 
9.a3 Nbd7 10.Qd2 c5 11.d5 c4 12.Be2 Nc5 13.Bxc5 dxc5 14.Qe3 Qc7 15.Nd2 
Rfe8 16.Qf3 e6 17.dxe6 Rxe6 18.Rac1 Rd8 19.Qe3 Qd6 20.Rcd1 Qe7 21.Bf3 Bc6 
22.Rfe1 Re8 23.b4 cxb4 24.axb4 Qxb4 25.Rb1 Qe7 26.Qf4 Nd7 27.Qe3 f5 28.Ne2
fxe4 29.Bg4 Rd6 30.Ra1 Nf6 31.Qa3 Nxg4 32.hxg4 Qd7 33.Qe3 Rd8 34.c3 Rxd2 
35.Nd4 Rd3 0-1